Регионална библиотека "Любен Каравелов" - Русе

Ръководство за практически упражнения по фармакогнозия (Запис номер 123775)

MARC детайли
000 -Лидер
Контролно поле с фиксирана дължина nam a22 a 4500
003 - Код на организацията, давaща контролен номер
Контролно поле BLK
005 - Дата и час на последна редакция
Контролно поле 20220725095017.0
008 - Елементи от данни с фиксирана дължина
fixed length control field 180409b bul|||||r ||||||| ||bul||
010 ## - Наследен системен номер
LC control number KNG00129438000
040 ## - Източник на каталожния запис
Идентификатор на билиотеката - собственик на записа BLK
041 ## - Код за език
Код за езика на текст/звукозапис или на отделно заглавие Български
Код за езика КДБФ Български
080 ## - УДК
Текстов определител УДК Вещества от естествен произход и тяхните смеси. Лекарствени суровини. Фармакогнозия. Вещества от животински и минерален произход. Минерални води
УДК код - определител по УДК 615.32
УДК определител (075.8)
УДК - код + определител 615.32(075.8)
100 1# - Редна дума - Автор
Автор Ахтарджиев, Христо Захариев
Авторска отговорност първи автор
R(LIN) 374814
139 ## - Редно поле
Редна дума Ахтарджиев, Христо Захариев и др.
Авторски знак Ах - А 95
245 10 - Сведения за заглавието
Заглавие Ръководство за практически упражнения по фармакогнозия
Подзаглавни данни За студенти-фармацевти
Редно поле (дума) Христо Захариев Ахтарджиев; съавт. Ана Бонева; съавт. Диана Иванова Панова.
257 ## - Страна на издаване
Страна на създаване/издаване България
260 ## - Област на издателските данни
Име на издателя, разпространителя и проч. Медицина и физкултура
Година на издаване 1972
Печатница Пловдив : Д. Благоев
Място на издаване, разпространение и проч. София
300 ## - Физическа характеристика
Страници 200 с.
Илюстрации и др. с ил.
Размери/Мащаб 22 см
380 ## - Жанр
Жанр Медицина
500 ## - Общи забележки
Забележка 2 050 тир.
650 #4 - Допълнително описание по предмет – тема
Основно описание – тема или топоним Фармакология - учебници за ВУЗ
9 (RLIN) 281512
653 ## - Ключова дума – ненормативна
Ключова дума фармакология
653 ## - Ключова дума – ненормативна
Ключова дума учебници за ВУЗ
700 1# - Други автори (авторска отговорност)
Лично име Бонева, Ана
Автороска отговорност (Описва отношението между автора и произведението) съавт.
9 (RLIN) 366195
700 1# - Други автори (авторска отговорност)
Лично име Панова, Диана Иванова
Автороска отговорност (Описва отношението между автора и произведението) съавт.
9 (RLIN) 318426
852 ## - Местоположение
Форматна сигнатура Цб 63762
Фондова буква Хранилище
856 4# - Електронен адрес и достъп
Електронен формат pdf - файл
856 4# - Електронен адрес и достъп
Електронен формат pdf - файл
999 ## - СИСТЕМНИ КОНТРОЛНИ НОМЕРА
Koha biblionumber 123775
Koha biblioitemnumber 123775
942 ## - АРТИКУЛИ
Вид на библиотечния материал Книги
Скрит в OPAC Не
Периодичен библиозапис Да
944 ## - СЪЗДАВАНЕ И РЕДАКЦИЯ на ЗАПИСА
Създаване/Редакция Създаване
Дата на регистрацията/редакция 30.03.2012
Статус, дата на статуса 30.03.2012 - от С1,Р / 30.03.2012
Служител, извършил регистрацията/редакцията Диана_Димитрова
944 ## - СЪЗДАВАНЕ И РЕДАКЦИЯ на ЗАПИСА
Създаване/Редакция Редакция
Дата на регистрацията/редакция 30.03.2012
Статус, дата на статуса 30.03.2012 - от С1,Р / 30.03.2012
999 ## - СИСТЕМНИ КОНТРОЛНИ НОМЕРА
Koha biblioitemnumber 123775
Наличности
Код за отписване Код за изгубен артикул Източник на класификационната схема Код за повреда Коз за рестрикции Код за отдаване Артикулен № Име на библиотеката - собственик Име на библиотеката, в която се намира в момента Статус (Текущо местоположение) Дата на вписване в системата Местоположение - отдел Цена в лева Инвентарен номер Систематично азбучна сигнатура Баркод Номер на екземпляра Цена в евро Служебна бележка Служебен тип на артикула
  Не е изгубен Universal Decimal Classification Не е повреден само за читалня ползва се в читалня 200526 Регионална библиотека "Любен Каравелов" Русе Регионална библиотека "Любен Каравелов" Русе Хранилище 1972-01-01 Хранилище 0.98 125338 Цб 63762 120000125338 1 0.50 Дост: Dp Вид: Д N: стар фонд Дата: 01.01.1972 Книги
Изтеглен Не е изгубен Universal Decimal Classification Не е повреден без рестрикции заемане за дома 200527 Регионална библиотека "Любен Каравелов" Русе Регионална библиотека "Любен Каравелов" Русе Заемна - подръчен фонд 1972-01-01 Заемна - подръчен фонд 0.00 120276 П 615.3/А 95 120276 2 0.00 Дост: Pk Вид: Ф N: стар фонд Дата: 01.01.1972 Книги
Vip Innovations Ltd, Rousse, Bulgaria 2025